Nhà văn dân tộc thiểu số Việt Nam: Đời và văn Quyển 1
Giới thiệu về cuộc đời và sự nghiệp thơ và văn của các nhà văn dân tộc thiểu số Việt Nam.
Đã lưu trong:
| Tác giả chính: | |
|---|---|
| Định dạng: | Sách |
| Năm xuất bản: |
H.
Hội Nhà văn
2018
|
| Chủ đề: | |
| Tags: |
Thêm thẻ
Không có thẻ, Hãy là người đầu tiên gắn thẻ bản ghi này!
|
| LEADER | 00917nam a2200157 4500 | ||
|---|---|---|---|
| 999 | |c 15713 |d 15713 | ||
| 082 | |a 895.922092 |b Nh100v | ||
| 100 | |a Hà Lý | ||
| 245 | |a Nhà văn dân tộc thiểu số Việt Nam: Đời và văn |c Hà Lý, Lò Ngăn Sủn, Nông Quốc Bình,… |n Quyển 1 | ||
| 260 | |a H. |b Hội Nhà văn |c 2018 | ||
| 300 | |a 491 tr |c 21 cm | ||
| 500 | |a ĐTTS ghi: Liên hiệp các Hội Văn học nghệ thuật Việt Nam. Hội Văn học nghệ thuật các dân tộc thiểu số Việt Nam. | ||
| 520 | |a Giới thiệu về cuộc đời và sự nghiệp thơ và văn của các nhà văn dân tộc thiểu số Việt Nam. | ||
| 653 | |a Văn học hiện đại |a Việt Nam |a Dân tộc thiểu số |a Nhà văn |a Cuộc đời | ||
| 942 | |2 ddc |c SH | ||
| 952 | |0 0 |1 0 |2 ddc |4 0 |6 895_922092000000000_NH100V |7 0 |8 800 |9 117675 |a qbu |b qbu |c D5 |d 2020-05-14 |g 80000 |o 895.922092 Nh100v |p 13139.C1 |r 2020-05-14 |w 2020-05-14 |y SH | ||